| 000 | 00631nam a22002297a 4500 | ||
|---|---|---|---|
| 003 | Nust | ||
| 005 | 20250703130329.0 | ||
| 008 | 140507b xxu||||| |||| 00| 0 eng d | ||
| 010 | _a73160629 | ||
| 020 |
_cAvailable _a0064944530 (pbk.) |
||
| 040 |
_aDLC _bDLC _cRCMS |
||
| 082 | _a320.01 VER | ||
| 100 |
_aVerma.S.L _9478 |
||
| 245 |
_aModern political theory _c[by] S.L Verma |
||
| 260 |
_aNew York, _bBarnes & Noble Books _c2007. |
||
| 300 |
_axxv, 269 p.; _bll: _c23,cm. |
||
| 505 | _a | ||
| 538 | _iShelf # 13, Row # 1, Fiction. | ||
| 650 |
_amodern political _9479 |
||
| 856 | _3Table of Content Only | ||
| 942 |
_2ddc _cFIC |
||
| 999 |
_c24113 _d24113 |
||